Homelessness in London: a report (Record no. 90197)

MARC details
000 -LEADER
fixed length control field 00534cam a2200205 4500
001 - CONTROL NUMBER
control field D5154
008 - FIXED-LENGTH DATA ELEMENTS--GENERAL INFORMATION
fixed length control field 090401t1985 xxu||||| |||| 00| 0 eng d
035 ## - SYSTEM CONTROL NUMBER
System control number (Sirsi) u36161
041 ## - LANGUAGE CODE
Language code of text/sound track or separate title eng
050 ## - LIBRARY OF CONGRESS CALL NUMBER
Classification number 306.109421
110 ## - MAIN ENTRY--CORPORATE NAME
Corporate name or jurisdiction name as entry element Greater London Council
9 (RLIN) 1146
245 ## - TITLE STATEMENT
Title Homelessness in London: a report
260 ## - PUBLICATION, DISTRIBUTION, ETC.
Place of publication, distribution, etc. London
Name of publisher, distributor, etc. Greater London Council
Date of publication, distribution, etc. 1985
300 ## - PHYSICAL DESCRIPTION
Extent 32p. ill. 21cm
350 ## - PRICE (NR) (BK AM CF MU VM SE) [OBSOLETE]
Price 1.25
490 ## - SERIES STATEMENT
Series statement GLC HOusing Research and Policy Report
Volume/sequential designation 1
520 ## - SUMMARY, ETC.
Summary, etc. Cover title
942 ## - ADDED ENTRY ELEMENTS (KOHA)
Suppress in OPAC 0
948 ## - LOCAL PROCESSING INFORMATION (OCLC); SERIES PART DESIGNATOR (RLIN)
c (OCLC) 04/03/1997
Holdings
Withdrawn status Lost status Source of classification or shelving scheme Damaged status Not for loan Home library Current library Shelving location Date acquired Cost, normal purchase price Total Checkouts Full call number Barcode Date last seen Copy number Cost, replacement price Price effective from Koha item type
    Dewey Decimal Classification     London London Books 14/09/1999 1.25   306.109421 30026679 06/08/2019 1 1.25 06/08/2019 Book